• 首页
  • 本馆介绍
  • 公告通知
  • 最新文献
  • 馆藏检索
  • 电子资源
  • 读者导购
  • 参考咨询
  • 我的图书馆
  • 登录
  • 详细信息显示
  • 放入我的书架
  • 预约/预借图书
  • 作者相关作品
  • 分类相关作品
  • 丛书相关作品
  • 出版社相关作品

书目信息

  • 表格格式
  • 工作单格式
  • 卡片格式
书名: Online searching
作者: Greg Byerly.
分册号:
分册名:
出版地: Littleton, Colo. :
 
出版社: Libraries Unlimited
出版时间: 1983.
页数: 288 p. ;
开本: 25 cm.
丛书名:
中图分类号:
科图分类号:
其他分类号: G354.4
主题词:
电子资源:
000 00798pam 2200253 a 4504
001 E0730674046
005 20070226083613.78
008 040422s1983 cou bd 00110 eng
010    @a83000853
020    @a0872873811.
035    @a0389-28660
050 00 @aZ699.2@b.B9 1983
090    @aI266.9042/W1
090    @aG354.4
099    @dG354.4@ex3
100 1  @aByerly, Greg,@d1949-
245 10 @aOnline searching :@ba dictionary and bibliographic guide / @cGreg Byerly.
260    @aLittleton, Colo. :@bLibraries Unlimited,@c1983.
300    @a288 p. ;@c25 cm.
500    @aIncludes indexes.
504    @aBibliography: p. 259-263.
650  0 @aOnline bibliographic searching@xBibliography.
650  0 @aOnline bibliographic searching@xDictionaries.
920    @a232010@z2
    
    Online searching : : a dictionary and bibliographic guide / / Greg Byerly.-Littleton, Colo. : : Libraries Unlimited, , 1983.
    288 p. ; ; 25 cm.
    Includes indexes.-Bibliography: p. 259-263.
    
    ISBN 0872873811.
    
●
相关链接 在E读中查询图书 在五车中查询图书 在当当中查询图书 在豆瓣中查询图书


正题名:Online searching     索取号:G354.4/x3         预约/预借

序号 登录号 条形码 馆藏地/架位号 状态 备注
1 181636   001171485   第二样本阅览室/ [索取号:G354.4/x3] 在馆    
2 181637   001171500   第四借阅区/ [索取号:G354.4/x3] 在馆    
3 181638   001171494   第四借阅区/ [索取号:G354.4/x3] 在馆    
唐山师范学院图书馆 欢迎您!
大连网信软件有限公司© 版权所有